000 00594nam a2200217 4500
003 OSt
005 20240606033645.0
006 a
008 240606b |||||||| |||| 00| 0 eng d
020 _a9781554075164
040 _aDWCL-HMN lib.
_cOC
082 _aCirc. 641.694 M281s 2008
100 _aMannerstrom, Leif
245 _aShellfish /
260 _aUnited States :
_bFirefly Books,
_cc2008.
300 _b255 pages : colored illustrations ;
_c28 cm.
504 _aIncludes index.
650 _a1. Cookery (Shellfish).
700 _aLeif Mannerstrom
942 _2ddc
_n0
_cBK-CIRC
_kCirc.
999 _c263
_d263